00913 a2200217 4500003000500000005001700005010001600022020002800038040000900066082001400075100002400089245009200113260003600205300003400241440004500275505026800320538002900588650003400617700002300651700002100674Nust20170207152515.0 a 96027860 a0890067562 (alk. paper) cNust00a621.382751 aKazovsky, Leonid G.10aOptical fiber communication systems /cLeonid Kazovsky, Sergio Benedetto, Alan Willner. aBoston :bArtech House,cc1996. axix, 690 p. :bill. ;e24 cm. 4aThe Artech House Optoelectronics library aBasic Optical Fiber Communication Components (Page-1) The Communication Toolbox (Page-101)The Basic Binary Optical Communication System (Page-163) Coherent System (Page-263) Optical Amplifiers (Page-401)Solition Systems (Page-471)Multichannel Systems (Page-513) aAlmirah No 26 Shelf No 6 0aTelecommunication engineering1 aBenedetto, Sergio.1 aWillner, Alan E.